000
00230nam a22000857a 4500
008
170112b xxu||||| |||| 00| 0 eng d
100
_9
2358
_a
Aggarwal.K.etal.
245
_a
Together with Mathematics-IX
260
_a
New Delhi
_b
Rachna
_c
2010
999
_c
5329
_d
5329